[Event "ZMDI Open 2014"]
[Site "Dresden GER"]
[Date "2014.08.20"]
[Round "6.4"]
[White "Akesson, Ralf"]
[Black "Klenburg, Mikhail"]
[Result "1-0"]
[WhiteTitle "GM"]
[BlackTitle "IM"]
[WhiteElo "2466"]
[BlackElo "2368"]
[WhiteFideId "1700120"]
[BlackFideId "14102072"]
[EventDate "2014.08.15"]

1. Nf3 Nf6 2. c4 d6 3. d4 Nbd7 4. Nc3 e5 5. e4 Be7 6. Be2 O-O 7. O-O c6 8. Qc2
Qc7 9. Rd1 a6 10. h3 Re8 11. Be3 Bf8 12. d5 cxd5 13. cxd5 b5 14. a3 Nb6 15. Rac1
Bd7 16. Qb1 Qb7 17. Nd2 Rec8 18. b4 Rc7 19. Nb3 Rac8 20. Na5 Qb8 21. Qb3 g6 22.
Bd3 Ne8 23. Ne2 Rxc1 24. Rxc1 Rxc1+ 25. Nxc1 Be7 26. Qc2 Bf8 27. Nc6 Qc7 28.
Nxe5 Qxc2 29. Bxc2 Bg7 30. Bxb6 Bxe5 31. Nd3 Bc3 32. f3 f5 33. Kf2 g5 34. g4 f4
35. Bd8 h6 36. h4 Bf6 37. Bxf6 Nxf6 38. hxg5 hxg5 39. e5 Ne8 40. Bb3 Kf8 41. e6
Bc8 42. Nc1 Ke7 43. Ke2 Kf6 44. Kd3 Bb7 45. Kd4 Nc7 46. Nd3 Ne8 47. Nf2 Bc8 48.
Bc2 Kg7 49. Ne4 Kh6 50. a4 Bb7 51. axb5 axb5 52. Bd3 Nc7 53. Nxd6 Bxd5 54. Nf5+ 1-0

[Event "ZMDI Open 2014"]
[Site "Dresden GER"]
[Date "2014.08.20"]
[Round "6.5"]
[White "Belezky, Alexander"]
[Black "Vogel, Roven"]
[Result "1/2-1/2"]
[WhiteTitle "IM"]
[WhiteElo "2454"]
[BlackElo "2279"]
[WhiteFideId "14105411"]
[BlackFideId "12908088"]
[EventDate "2014.08.15"]

1. Nf3 Nf6 2. b4 g6 3. Bb2 Bg7 4. c4 O-O 5. e3 d6 6. d4 e5 7. Be2 e4 8. Nfd2 Re8
9. Nc3 c6 10. Qc2 Bf5 11. h3 h5 12. O-O-O d5 13. Rdg1 Nbd7 14. cxd5 cxd5 15. Kb1
a6 16. Na4 b5 17. Nc5 Nb6 18. g4 hxg4 19. hxg4 Be6 20. Ndb3 Nc4 21. Qd1 Nh7 22.
Bc3 Ng5 23. Ka1 Qf6 24. Rg2 Bf8 25. Qe1 Bd6 26. Na5 Kg7 27. Nxc4 bxc4 28. Kb2 a5
29. bxa5 Reb8+ 30. Ka1 Rb5 31. Nxe6+ fxe6 32. Qd2 Qe7 33. Rgg1 Bb4 34. Bxb4 Rxb4
35. Rb1 Ra4 36. Rb5 Qa3 37. Rhb1 R4xa5 38. Rxa5 Rxa5 39. Rb7+ Kf6 40. f4 Nf3 41.
Bxf3 exf3 42. Qc2 Qd3 1/2-1/2

[Event "ZMDI Open 2014"]
[Site "Dresden GER"]
[Date "2014.08.20"]
[Round "6.6"]
[White "Kravtsiv, Martyn"]
[Black "Enchev, Ivajlo"]
[Result "1-0"]
[WhiteTitle "GM"]
[BlackTitle "IM"]
[WhiteElo "2572"]
[BlackElo "2393"]
[WhiteFideId "14113147"]
[BlackFideId "2907712"]
[EventDate "2014.08.15"]

1. b3 c5 2. Bb2 d5 3. e3 a6 4. Nf3 Nc6 5. d4 Nf6 6. Be2 Bg4 7. Nbd2 e6 8. O-O
Rc8 9. h3 Bh5 10. c4 cxd4 11. Nxd4 Bxe2 12. Qxe2 Nxd4 13. Bxd4 Bc5 14. Bxf6 Qxf6
15. cxd5 exd5 16. Rad1 O-O 17. Nf3 Rcd8 18. Rd2 Rfe8 19. Rfd1 Qe6 20. Ng5 Qf5
21. Qg4 Qxg4 22. hxg4 d4 23. Nf3 Re4 24. g5 Rd5 25. Nxd4 Kf8 26. Nf3 Rxd2 27.
Rxd2 Be7 28. Kf1 Ke8 29. Rd5 Re6 30. Nd4 Rd6 31. Rxd6 Bxd6 32. Ke2 Kd7 33. Kd3
g6 34. f4 Ba3 35. e4 Bc1 36. Ne2 Bb2 37. e5 Kc6 38. Nc3 Bc1 39. g3 Ba3 40. Ke4
Bf8 41. g4 h6 42. gxh6 Bxh6 43. Nd5 Bf8 44. f5 gxf5+ 45. gxf5 Ba3 46. f6 b5 47.
Nf4 a5 48. Kf5 a4 49. Nh3 1-0

[Event "ZMDI Open 2014"]
[Site "Dresden GER"]
[Date "2014.08.20"]
[Round "6.7"]
[White "Neef, Maximilian"]
[Black "Zakhartsov, Viacheslav V."]
[Result "1/2-1/2"]
[WhiteTitle "FM"]
[BlackTitle "GM"]
[WhiteElo "2331"]
[BlackElo "2548"]
[WhiteFideId "24692085"]
[BlackFideId "4115333"]
[EventDate "2014.08.15"]

1. Nf3 g6 2. c4 Bg7 3. Nc3 Nf6 4. e4 d6 5. d4 O-O 6. h3 e5 7. d5 a5 8. Bg5 Na6
9. Be2 Qe8 10. Nd2 Nd7 11. Nb3 b6 12. g4 Ndc5 13. Nxc5 Nxc5 14. Qc2 f5 15. Be3
Qe7 16. gxf5 gxf5 17. O-O-O Nxe4 18. Nxe4 fxe4 19. Bg4 Qf6 20. Rdg1 Kh8 21. Qd2
Bf5 22. Bxf5 Qxf5 23. Rg4 Rf6 24. Rhg1 Rg6 25. Rxg6 hxg6 26. Rg4 Bf6 27. Bxb6
Kg7 28. Be3 a4 29. Qc2 Kf7 30. Qxe4 Rh8 31. h4 Qxe4 32. Rxe4 Rxh4 33. Rxh4 Bxh4
34. b4 Kf6 35. Kd1 Kf5 36. Ke2 Bf6 37. Ba7 e4 38. Bb8 Bd8 39. Ke3 Ke5 40. b5
Bg5+ 41. Ke2 Bd8 42. Ba7 Kf4 43. Be3+ Kf5 44. Kd2 Kg4 45. Ke2 1/2-1/2

[Event "ZMDI Open 2014"]
[Site "Dresden GER"]
[Date "2014.08.20"]
[Round "6.8"]
[White "Dann, Matthias"]
[Black "Gajek, Radoslaw"]
[Result "0-1"]
[WhiteTitle "IM"]
[BlackTitle "FM"]
[WhiteElo "2464"]
[BlackElo "2355"]
[WhiteFideId "24638056"]
[BlackFideId "1125893"]
[EventDate "2014.08.15"]

1. c4 e5 2. e3 Nf6 3. Nc3 Bb4 4. Nge2 O-O 5. a3 Be7 6. Ng3 d5 7. cxd5 Nxd5 8.
Bc4 Nb6 9. Ba2 c5 10. O-O Nc6 11. Qf3 g6 12. Nd5 Kh8 13. b4 Nxd5 14. Bxd5 cxb4
15. axb4 Nxb4 16. Bxb7 Bxb7 17. Qxb7 a5 18. Bb2 Nd3 19. Bc3 Bb4 20. Ne2 Qd6 21.
Rab1 Kg8 22. Ba1 Rab8 23. Qe4 Rfc8 24. Nc3 f5 25. Qh4 Qe6 26. f3 Be7 27. Qa4 Bb4
28. g3 Nc5 29. Qc2 Qc4 30. Kg2 Rd8 31. Rf2 Nd3 32. Rff1 Nc5 33. Rf2 e4 34. Qd1
Rb7 35. g4 Bxc3 36. Bxc3 exf3+ 37. Kh1 Ne4 0-1

[Event "ZMDI Open 2014"]
[Site "Dresden GER"]
[Date "2014.08.20"]
[Round "6.9"]
[White "Farago, Ivan"]
[Black "Mueller, Fabian"]
[Result "1/2-1/2"]
[WhiteTitle "GM"]
[BlackTitle "FM"]
[WhiteElo "2443"]
[BlackElo "2324"]
[WhiteFideId "700134"]
[BlackFideId "4664060"]
[EventDate "2014.08.15"]

1. d4 Nf6 2. c4 e6 3. Nf3 b6 4. g3 Ba6 5. Qa4 c6 6. Nc3 Be7 7. Bg2 O-O 8. O-O d5
9. Ne5 Qe8 10. cxd5 cxd5 11. Qb3 Nc6 12. Be3 Na5 13. Qc2 Nd7 14. Rfd1 Rc8 15.
Rac1 Bb4 16. Bf4 Nxe5 17. dxe5 Bb5 18. Qb1 Bxc3 19. bxc3 Bxe2 20. Rd4 Bh5 21. h4
Bg6 22. Qb2 Nc6 23. Rdd1 Ne7 24. Qe2 h6 25. h5 Bh7 26. c4 Qa4 27. cxd5 Rxc1 28.
Rxc1 Nxd5 29. Bxd5 exd5 30. e6 Qe4 31. Qxe4 Bxe4 32. e7 Re8 33. Rc7 f6 34. Rxa7
Kf7 35. Bd6 Bf3 36. Rb7 d4 37. Rxb6 d3 38. Rb2 Rc8 39. Kh2 Bxh5 40. Kg2 Ke6 41.
Rb6 Be8 42. Bb4+ Kf7 43. Rd6 Kxe7 44. Rxd3+ Kf7 1/2-1/2

[Event "ZMDI Open 2014"]
[Site "Dresden GER"]
[Date "2014.08.20"]
[Round "6.10"]
[White "Turikov, Viktor"]
[Black "Langheinrich, Ferenc"]
[Result "1-0"]
[WhiteTitle "FM"]
[WhiteElo "2256"]
[BlackElo "2439"]
[WhiteFideId "4107810"]
[BlackFideId "4641973"]
[EventDate "2014.08.15"]

1. e3 e5 2. b3 Ne7 3. Bb2 Ng6 4. c4 Be7 5. Nc3 c6 6. Nf3 f5 7. h4 Bf6 8. h5 Ne7
9. d4 e4 10. Ng1 d5 11. Nh3 g5 12. h6 Be6 13. Rc1 O-O 14. g3 Ng6 15. Be2 Na6 16.
cxd5 cxd5 17. Bxa6 bxa6 18. Qe2 Qa5 19. Qh5 Bf7 20. Qe2 Rac8 21. Kf1 Kh8 22. Kg2
f4 23. Qg4 Rce8 24. Nxg5 Bxg5 25. Qxg5 Be6 26. gxf4 Rf5 27. Qg3 Nxf4+ 28. exf4
Rg8 29. Kf1 Rxg3 30. fxg3 Rf8 31. Rh5 Qd8 32. Kf2 Qf6 33. Nd1 Bg4 34. Rh4 Bxd1
35. Rxd1 e3+ 36. Kxe3 Re8+ 37. Kd2 Qg6 38. Rhh1 Qxg3 39. Kc1 Qg6 40. Bc3 Rc8 41.
Kb2 a5 42. Rd2 a4 43. Bb4 axb3 44. axb3 a5 45. Bxa5 Qa6 46. Bb4 Ra8 47. Bc5 Qa2+
48. Kc3 Qa5+ 49. Kc2 Re8 50. Rb1 Re3 51. Rb2 Qc3+ 52. Kb1 Re1+ 53. Ka2 Qc1 54.
Ka3 Qc3 55. Ka2 Qa5+ 56. Ba3 Re8 57. b4 Qa6 58. b5 Qxh6 59. b6 Rb8 60. Rdc2 Ra8
61. Rc3 Rb8 62. b7 Qa6 63. Rc7 h5 64. f5 Rxb7 65. Rbxb7 Qe2+ 66. Bb2 Qe8 67. f6 1-0

[Event "ZMDI Open 2014"]
[Site "Dresden GER"]
[Date "2014.08.20"]
[Round "6.11"]
[White "Loewe, Lennard"]
[Black "Arnaudov, G. Petar"]
[Result "0-1"]
[BlackTitle "GM"]
[WhiteElo "2216"]
[BlackElo "2429"]
[WhiteFideId "24653268"]
[BlackFideId "2907127"]
[EventDate "2014.08.15"]

1. e4 e5 2. Nf3 d6 3. Bc4 Be7 4. d3 Nf6 5. Nbd2 O-O 6. Qe2 Nc6 7. c3 d5 8. exd5
Nxd5 9. Nxe5 Nxe5 10. Qxe5 c6 11. Bxd5 cxd5 12. O-O Bd6 13. Qd4 Bf5 14. Nf3 Rc8
15. Bg5 Qd7 16. Rfe1 f6 17. Be3 Bc5 18. Qh4 g5 19. Qh6 Bd6 20. Bd4 Rc6 21. h4 g4
22. Nh2 Bxd3 23. Rad1 Bf5 24. Nf1 Bg6 25. h5 Bf5 26. Ng3 Bxg3 27. fxg3 Be4 28.
Rd2 Qc7 29. Qf4 Qxf4 30. gxf4 Kg7 31. Kf2 Kh6 32. Kg3 Kxh5 33. Rh1+ Kg6 34. Kxg4
Rg8 35. Rh4 Bf5+ 36. Kf3 h5 37. Rh1 Re6 38. Be3 Kf7 39. Kf2 Be4 40. Rg1 h4 41.
a3 a6 42. Rd4 Rg3 43. a4 a5 44. Rd2 Kg6 45. Rd4 Kf5 46. Rdd1 Re8 47. b4 axb4 48.
cxb4 Reg8 49. a5 Rxg2+ 50. Rxg2 Rxg2+ 51. Kf1 h3 52. Bg1 h2 53. Bxh2 Rxh2 54.
Rd4 Kxf4 55. b5 Ke3 0-1

[Event "ZMDI Open 2014"]
[Site "Dresden GER"]
[Date "2014.08.20"]
[Round "6.12"]
[White "Karasik, Evgeni"]
[Black "Fogarasi, Tibor"]
[Result "1/2-1/2"]
[BlackTitle "GM"]
[WhiteElo "2221"]
[BlackElo "2392"]
[WhiteFideId "2803941"]
[BlackFideId "700363"]
[EventDate "2014.08.15"]

1. d4 Nf6 2. Nc3 c5 3. dxc5 e6 4. e4 Nc6 5. Nf3 Bxc5 6. Bd3 d6 7. O-O a6 8. a3
O-O 9. Qe2 h6 10. h3 b5 11. Rd1 e5 12. Qe1 Be6 13. Ne2 b4 14. Ng3 bxa3 15. b3
Nb4 16. Bxa3 a5 17. Qd2 Qc7 18. Nh4 Nxd3 19. Qxd3 Bxa3 20. Rxa3 d5 21. exd5 Nxd5
22. Ngf5 Nf4 23. Qe4 Rab8 24. Re1 1/2-1/2

[Event "ZMDI Open 2014"]
[Site "Dresden GER"]
[Date "2014.08.20"]
[Round "6.13"]
[White "Satyapragyan, Swayangsu"]
[Black "Mueller, Michael1"]
[Result "1/2-1/2"]
[WhiteTitle "IM"]
[BlackTitle "FM"]
[WhiteElo "2401"]
[BlackElo "2246"]
[WhiteFideId "5004306"]
[BlackFideId "4622081"]
[EventDate "2014.08.15"]

1. e4 c5 2. Nc3 Nc6 3. Bb5 d6 4. Bxc6+ bxc6 5. d3 g6 6. f4 Bg7 7. Nf3 Rb8 8. O-O
e6 9. Qe1 Ne7 10. b3 O-O 11. Kh1 Ba6 12. e5 d5 13. Ba3 c4 14. dxc4 dxc4 15. Rd1
Nd5 16. Rf2 Qa5 17. Bxf8 Bxf8 18. Nxd5 Qxe1+ 19. Rxe1 cxd5 20. Rd1 Bc5 21. Nd4
h5 22. Rf3 Rc8 23. c3 Kf8 24. b4 Bxd4 25. Rxd4 Bb5 26. Rf2 Ba4 27. g3 Rc6 28.
Rb2 Ra6 29. Kg1 Bb5 30. Rd1 Ra3 31. Rc1 a6 32. Kf2 d4 33. cxd4 Ke7 34. Rd2 Ra4
35. Ke1 Rxb4 36. d5 exd5 37. Rxd5 Ra4 38. Rd2 Ra3 39. Kf2 Ke6 40. Rd6+ Ke7 41.
Rd2 Ke6 42. Rd6+ Ke7 43. Rc2 Ke8 44. Rb6 Kf8 45. Rb7 h4 46. gxh4 Rh3 47. Rd2
Rxh2+ 48. Ke3 Rh3+ 49. Kd4 c3 50. Rc2 Rd3+ 51. Ke4 Rh3 52. Kd5 Rd3+ 53. Kc5 Ba4
54. Rc1 c2 55. Rb2 Ke7 56. Rcxc2 Bxc2 57. Rxc2 Rh3 58. Kd5 Rxh4 59. Rc7+ Kf8 60.
Rc4 Rh2 61. a4 Rb2 62. Kc6 Ke7 63. Rd4 a5 64. Rd7+ Ke6 65. Rd6+ Ke7 66. Kc5 Rb4
67. Rd4 Rb2 68. Kd5 Rb1 69. Rc4 Rd1+ 70. Ke4 Rb1 71. Rd4 Ke6 72. Rd6+ Ke7 73.
Rd4 Ke6 74. Rd6+ Ke7 1/2-1/2

[Event "ZMDI Open 2014"]
[Site "Dresden GER"]
[Date "2014.08.20"]
[Round "6.14"]
[White "Maksimenko, Andrei"]
[Black "Osmanodja, Filiz"]
[Result "1/2-1/2"]
[WhiteTitle "GM"]
[BlackTitle "WIM"]
[WhiteElo "2506"]
[BlackElo "2295"]
[WhiteFideId "14100584"]
[BlackFideId "24633569"]
[EventDate "2014.08.15"]

1. d4 d5 2. Nf3 Nf6 3. c4 e6 4. Bg5 Be7 5. Nc3 O-O 6. e3 h6 7. Bh4 Ne4 8. Bxe7
Qxe7 9. Rc1 b6 10. cxd5 Nxc3 11. Rxc3 exd5 12. Qc2 c6 13. Bd3 Bb7 14. O-O Nd7
15. Rc1 g6 16. b4 Kg7 17. a3 a5 18. Rb1 axb4 19. axb4 Ra7 20. e4 c5 21. dxc5
dxe4 22. c6 exd3 23. Qxd3 1/2-1/2

[Event "ZMDI Open 2014"]
[Site "Dresden GER"]
[Date "2014.08.20"]
[Round "6.15"]
[White "Braeuer, Franz"]
[Black "Teske, Henrik"]
[Result "1/2-1/2"]
[BlackTitle "GM"]
[WhiteElo "2317"]
[BlackElo "2505"]
[WhiteFideId "24634468"]
[BlackFideId "4611500"]
[EventDate "2014.08.15"]

1. e4 c5 2. Nf3 Nc6 3. d4 cxd4 4. Nxd4 e6 5. Nc3 Qc7 6. Be2 a6 7. Be3 Nf6 8. O-O
Bb4 9. Na4 O-O 10. Nxc6 bxc6 11. Qd3 d5 12. exd5 Nxd5 13. Bc5 Bxc5 14. Nxc5 Qe5
15. Bf3 Qxb2 16. c4 Ne7 17. Qd6 Nf5 18. Qxc6 Ra7 19. Rab1 Qe5 20. Qb6 Qc7 21.
Rfd1 e5 22. Bd5 Nd4 23. Rb2 Re8 24. Ne4 Rd8 25. Rdb1 Kf8 26. Qb4+ Qe7 27. Qa5
Qc7 28. Qb4+ Qe7 29. Qa5 Qc7 30. Qb4+ 1/2-1/2

[Event "ZMDI Open 2014"]
[Site "Dresden GER"]
[Date "2014.08.20"]
[Round "6.16"]
[White "Gutman, Lev"]
[Black "Namyslo, Holger"]
[Result "1-0"]
[WhiteTitle "GM"]
[BlackTitle "FM"]
[WhiteElo "2438"]
[BlackElo "2211"]
[WhiteFideId "4600177"]
[BlackFideId "4607430"]
[EventDate "2014.08.15"]

1. Nf3 d5 2. g3 c6 3. Bg2 Bf5 4. O-O e6 5. d3 h6 6. c3 Nf6 7. Qb3 Qb6 8. Be3
Qxb3 9. axb3 a6 10. b4 Nbd7 11. Nd4 Be7 12. Nxf5 exf5 13. Nd2 O-O 14. Nb3 Ng4
15. Bf4 g5 16. Bd2 Bd6 17. Nd4 f4 18. Nf5 Bc7 19. h3 Ngf6 20. Nxh6+ Kh7 21. Nf5
Rfe8 22. e3 Kg6 23. g4 Ne5 24. exf4 Nxd3 25. fxg5 Ne4 26. Be3 Nxb2 27. Bd4 Nxg5
28. Ng7 Re7 29. f4 Ne4 30. f5+ Kh7 31. f6 Rd7 32. Rae1 Ng3 33. Re7 Rad8 34. Rfe1
Bd6 35. Bb6 Kg6 36. Bxd8 Rxd8 37. Rxb7 Nd3 38. Re3 Nf4 39. Bf1 Ne4 40. Bd3 Kxf6
41. Bxe4 dxe4 42. Nh5+ Nxh5 43. gxh5 Re8 44. Re1 Be5 45. c4 Rg8+ 46. Kf1 Rg3 47.
Rxe4 Rxh3 48. Rb6 Kf5 49. Rxe5+ Kxe5 50. Rxc6 Kd4 51. h6 f6 52. c5 Kc4 53. Rxf6
Kxb4 54. c6 Kb5 55. c7 1-0

[Event "ZMDI Open 2014"]
[Site "Dresden GER"]
[Date "2014.08.20"]
[Round "6.17"]
[White "Sundararajan, Kidambi"]
[Black "Koop, Thorben"]
[Result "0-1"]
[WhiteTitle "GM"]
[WhiteElo "2424"]
[BlackElo "2194"]
[WhiteFideId "5005370"]
[BlackFideId "24661619"]
[EventDate "2014.08.15"]

1. e4 c5 2. Nf3 Nc6 3. Bb5 d6 4. d4 cxd4 5. Qxd4 Bd7 6. Bxc6 bxc6 7. O-O e5 8.
Qd3 Be7 9. Na3 Be6 10. Nc4 Qc7 11. Rd1 Rd8 12. Bd2 Nf6 13. Ba5 Bxc4 14. Bxc7
Bxd3 15. Bxd8 Bxc2 16. Bxe7 Kxe7 17. Re1 Bxe4 18. Nd2 Bd5 19. f4 e4 20. b4 Rb8
21. a3 h5 22. Nf1 g6 23. Ne3 Be6 24. Rac1 Rb6 25. Rc3 d5 26. Nc2 Bd7 27. Nd4 Kd6
28. h3 h4 29. Kf2 Nh5 30. Ke3 f6 31. Rf1 Bc8 32. Rfc1 Bd7 33. Rf1 Bc8 34. Rf2
Ba6 35. Rc5 Bc4 36. Ra5 a6 37. Rc5 Ng3 38. Rc2 Bb5 39. Rc1 Nf1+ 40. Kf2 Nd2 41.
R5c3 Nc4 42. g3 c5 43. bxc5+ Kxc5 44. Nb3+ Kd6 45. gxh4 Ba4 46. Rxc4 dxc4 47.
Nd2 Rc6 48. Nxe4+ Ke6 49. Ke3 Rc7 50. Nc3 Bc6 51. Ne2 Bd7 52. Kd4 Kf7 53. Ng3
Be6 54. Ne4 Rd7+ 55. Kc5 Rd5+ 56. Kb6 Rd4 57. Nc5 Rxf4 58. Kxa6 Rxh4 59. a4 Rxh3
60. Kb6 Bd5 61. a5 g5 62. a6 Rh8 63. a7 g4 64. Rd1 Ba8 65. Rd4 g3 66. Rxc4 g2 0-1

[Event "ZMDI Open 2014"]
[Site "Dresden GER"]
[Date "2014.08.20"]
[Round "6.19"]
[White "Renger, Niklas"]
[Black "Wichmann, Cliff"]
[Result "0-1"]
[BlackTitle "IM"]
[WhiteElo "1821"]
[BlackElo "2361"]
[WhiteFideId "12908096"]
[BlackFideId "4616090"]
[EventDate "2014.08.15"]

1. e4 e6 2. d4 d5 3. Nd2 c5 4. exd5 exd5 5. Bb5+ Nc6 6. Ngf3 Bd6 7. dxc5 Bxc5 8.
O-O Ne7 9. Nb3 Bb6 10. h3 O-O 11. Nbd4 Qd6 12. Ne2 Ng6 13. Qd3 Bd7 14. Bxc6 bxc6
15. Be3 Bc7 16. Rad1 Rfe8 17. c4 Ne5 18. Nxe5 Qxe5 19. Bf4 Qxe2 20. Qxe2 Rxe2
21. Bxc7 Be6 22. cxd5 Bxd5 23. a3 Rxb2 24. Rb1 Ra2 25. Bd6 h6 26. Rfe1 a5 27.
Re7 Rc2 28. Rbb7 a4 29. Ra7 Rxa7 30. Rxa7 Bb3 31. Ra5 Rd2 32. Bb4 Re2 33. Rc5
Re6 34. Rc3 Bd5 35. Re3 Rf6 36. Rg3 Rf5 37. Rg4 Bb3 38. Rg3 c5 39. Bc3 f6 40.
Re3 Rd5 41. Kh2 Kf7 42. Kg3 Rd1 43. Re2 Be6 44. Rd2 Rc1 45. Bb2 Rb1 46. f3 Ke7
47. Kf2 Bc4 48. Rc2 Bd5 49. Bc1 Kd6 50. Be3 c4 51. Bd2 Kc5 52. Bb4+ Rxb4 53.
axb4+ Kxb4 54. Ke3 a3 55. Kd2 a2 56. Rc1 c3+ 57. Kc2 Bb3+ 58. Kd3 Bf7 59. Ra1
Kb3 0-1

[Event "ZMDI Open 2014"]
[Site "Dresden GER"]
[Date "2014.08.20"]
[Round "6.20"]
[White "ter Steeg, Marcus"]
[Black "Schuetze, Norman"]
[Result "0-1"]
[WhiteElo "1977"]
[BlackElo "2284"]
[WhiteFideId "24676799"]
[BlackFideId "4659406"]
[EventDate "2014.08.15"]

1. d4 Nf6 2. c4 g6 3. Nc3 d5 4. Nf3 Bg7 5. Qb3 dxc4 6. Qxc4 O-O 7. e4 Nc6 8. Be2
Nd7 9. Be3 Nb6 10. Qd3 Bg4 11. Rd1 Qd7 12. d5 Bxf3 13. dxc6 Qxd3 14. Rxd3 Bxe2
15. Kxe2 bxc6 16. Rhd1 Rfc8 17. b3 e6 18. Nb1 f5 19. f3 Be5 20. g3 fxe4 21. fxe4
Bd6 22. Rc3 Nd7 23. Rxc6 a5 24. Bf4 e5 25. Be3 Rcb8 26. Nd2 a4 27. Nc4 axb3 28.
axb3 Nf6 29. Nxd6 cxd6 30. Rcxd6 Nxe4 31. R6d3 Ra2+ 32. Kf3 Nf6 33. Rd8+ Rxd8
34. Rxd8+ Kf7 35. h4 Ke6 36. Bg5 Rb2 37. Rb8 Nd7 38. Rb5 Kd6 39. Be3 Rc2 40. g4
Kc6 41. Rb4 Kd5 42. Rb5+ Ke6 43. Rb7 h5 44. gxh5 gxh5 45. b4 Nf6 46. Bc5 Rc4 47.
Bf2 Rc3+ 48. Ke2 Rb3 49. b5 Ng4 50. Be1 e4 51. Rb8 Rb2+ 52. Kd1 e3 53. b6 Kd7
54. Bc3 Nf2+ 55. Ke1 Nd3+ 56. Kf1 e2+ 57. Kg2 e1=Q+ 58. Bxb2 Qf2+ 59. Kh1 Qf3+ 0-1

[Event "ZMDI Open 2014"]
[Site "Dresden GER"]
[Date "2014.08.20"]
[Round "6.21"]
[White "Roos, Kseniya"]
[Black "Viebahn, Dirk"]
[Result "1-0"]
[WhiteTitle "WIM"]
[WhiteElo "2272"]
[BlackElo "2163"]
[WhiteFideId "4131428"]
[BlackFideId "4660790"]
[EventDate "2014.08.15"]

1. e4 c5 2. Nf3 Nc6 3. Bb5 e6 4. O-O Nge7 5. Nc3 a6 6. Bxc6 Nxc6 7. Re1 d6 8. d4
cxd4 9. Nxd4 Be7 10. Nxc6 bxc6 11. Qg4 g5 12. Qh5 e5 13. Nd1 Be6 14. Ne3 Qa5 15.
c3 Qa4 16. Nf5 Bxf5 17. exf5 h6 18. b3 Qh4 19. Qf3 O-O 20. Re4 Qxe4 21. Qxe4
Rfc8 22. f4 Bf6 23. fxg5 1-0

[Event "ZMDI Open 2014"]
[Site "Dresden GER"]
[Date "2014.08.20"]
[Round "6.22"]
[White "Humburg, Philipp"]
[Black "Roesemann, Rainer"]
[Result "0-1"]
[BlackTitle "FM"]
[WhiteElo "2087"]
[BlackElo "2255"]
[WhiteFideId "24656151"]
[BlackFideId "4610296"]
[EventDate "2014.08.15"]

1. e4 c6 2. d4 d5 3. e5 Bf5 4. Nf3 e6 5. Be2 c5 6. Be3 cxd4 7. Nxd4 Ne7 8. Nd2
Nbc6 9. N2f3 Be4 10. O-O a6 11. Rc1 Ng6 12. Nxc6 bxc6 13. Nd2 Nxe5 14. Nxe4 dxe4
15. Qxd8+ Kxd8 16. Rfd1+ Kc8 17. Rd4 f5 18. Bf4 Ng6 19. Bg5 Bc5 20. Ra4 h6 21.
Bd2 Kb7 22. Rd1 Rhd8 23. Bc1 Rxd1+ 24. Bxd1 Ne7 25. Be2 Nd5 26. a3 g5 27. g3 a5
28. Bd2 e3 29. fxe3 Nb6 30. Rxa5 Bxe3+ 31. Bxe3 Rxa5 32. c4 e5 33. Kf2 Na4 34.
Bc1 Ra8 35. b4 Nc3 36. Bd3 f4 37. Bc2 Rd8 38. a4 Na2 0-1

[Event "ZMDI Open 2014"]
[Site "Dresden GER"]
[Date "2014.08.20"]
[Round "6.23"]
[White "Heck, Norbert"]
[Black "Baskin, Robert"]
[Result "1-0"]
[WhiteTitle "FM"]
[WhiteElo "2239"]
[BlackElo "2152"]
[WhiteFideId "4622928"]
[BlackFideId "24662402"]
[EventDate "2014.08.15"]

1. d4 Nf6 2. Nf3 g6 3. g3 Bg7 4. Bg2 O-O 5. c4 d6 6. Nc3 c6 7. O-O Qb6 8. h3 Qa6
9. b3 b5 10. cxb5 cxb5 11. b4 Bb7 12. a4 bxa4 13. Rxa4 Qb6 14. Qb3 Nbd7 15. Be3
Rfc8 16. d5 Qc7 17. Rc1 Nb6 18. Raa1 Qd8 19. Nd4 Rxc3 20. Qxc3 Nfxd5 21. Qd2 Qd7
22. Bg5 e5 23. Nb3 f6 24. Na5 Re8 25. Nxb7 Qxb7 26. Be3 e4 27. Bxb6 axb6 28. Rd1
f5 29. Ra3 Nc7 30. Qa2+ d5 31. Ra7 Qc6 32. e3 Kh8 33. Bf1 Rd8 34. Qa4 Qxa4 35.
Rxa4 d4 36. Ra7 Nd5 37. exd4 Nxb4 38. d5 Be5 39. Bc4 b5 40. Bxb5 Rxd5 41. Rc1
Rd8 42. Kf1 Nd5 43. Rc6 e3 44. f4 Bg7 45. Bc4 Nf6 46. Rcc7 Nh5 47. Kg2 h6 48.
Kf3 Rd4 49. Ra8+ Kh7 50. Kxe3 Rxc4 51. Rxc4 Nxg3 52. Rc7 g5 53. Raa7 Nh5 54.
fxg5 hxg5 55. Kf3 Kg6 56. Rc6+ Nf6 57. Kg3 Bh6 58. Rb7 g4 59. h4 f4+ 60. Kf2 Kf5
61. Rb5+ Kg6 62. h5+ Kf7 63. Rb7+ 1-0

[Event "ZMDI Open 2014"]
[Site "Dresden GER"]
[Date "2014.08.20"]
[Round "6.24"]
[White "Stigar, Petter"]
[Black "Mager, Denis"]
[Result "1-0"]
[WhiteTitle "FM"]
[WhiteElo "2228"]
[BlackElo "2152"]
[WhiteFideId "1500341"]
[BlackFideId "24691127"]
[EventDate "2014.08.15"]

1. d4 Nf6 2. c4 g6 3. Nf3 Bg7 4. g3 c5 5. Bg2 cxd4 6. Nxd4 O-O 7. O-O d5 8. cxd5
Nxd5 9. Nc3 Nxc3 10. bxc3 Qa5 11. Qb3 Nc6 12. Be3 e5 13. Nxc6 bxc6 14. Bxc6 Be6
15. Qb4 Qa6 16. Bxa8 Rxa8 17. Rfe1 Rc8 18. Qe7 Rxc3 19. Qxa7 Qxa7 20. Bxa7 Ra3
21. Bc5 Ra8 22. Bb4 Ra4 23. a3 e4 24. Rad1 Bb2 25. Be7 Kg7 26. Rb1 Bxa3 27. Ra1
Bb4 28. Rxa4 Bxe1 29. Rxe4 Bf5 30. Rd4 Bc3 31. Rd1 h5 32. Bc5 f6 33. f3 1-0

[Event "ZMDI Open 2014"]
[Site "Dresden GER"]
[Date "2014.08.20"]
[Round "6.25"]
[White "Eskandary, Jahja"]
[Black "Vogel, Jaap"]
[Result "0-1"]
[BlackTitle "FM"]
[WhiteElo "2116"]
[BlackElo "2224"]
[WhiteFideId "4665708"]
[BlackFideId "1000764"]
[EventDate "2014.08.15"]

1. e4 e6 2. d4 d5 3. Nc3 Bb4 4. a3 Bxc3+ 5. bxc3 Ne7 6. Bd3 b6 7. Qg4 Ng6 8. e5
Ba6 9. Bxa6 Nxa6 10. h4 h5 11. Qe2 Nb8 12. Nf3 Nc6 13. Bg5 Qd7 14. a4 Na5 15.
Nd2 Rc8 16. Nb3 Nc4 17. Nd2 Nxd2 18. Qxd2 c5 19. O-O Ne7 20. Bxe7 Qxe7 21. g3
O-O 22. a5 b5 23. a6 cxd4 24. cxd4 b4 25. Rfb1 Rc4 26. Ra4 Rb8 27. Rb3 Rb6 28.
Ra2 Qc7 29. Rab2 Qc8 30. Kg2 Qxa6 31. Rxb4 Rcxb4 32. Rxb4 Rxb4 33. Qxb4 Qc8 34.
Qa4 a6 35. Kf3 Kh7 36. Ke3 Qc3+ 37. Ke2 a5 38. Kd1 Kg6 39. Ke2 Kf5 40. f3 Kg6
41. Kf2 Qd2+ 42. Kf1 Qd3+ 43. Kg2 Qe2+ 44. Kg1 Qxf3 45. Kh2 Qf2+ 46. Kh1 Qxg3
47. Qa1 Qxh4+ 48. Kg2 Qe4+ 49. Kh3 Qf3+ 50. Kh2 Qf2+ 51. Kh3 h4 0-1

[Event "ZMDI Open 2014"]
[Site "Dresden GER"]
[Date "2014.08.20"]
[Round "6.26"]
[White "Stock, Andreas"]
[Black "Barthel, Ansgar"]
[Result "1/2-1/2"]
[WhiteElo "2085"]
[BlackElo "2216"]
[WhiteFideId "4616430"]
[BlackFideId "4643461"]
[EventDate "2014.08.15"]

1. c4 c5 2. Nc3 Nc6 3. g3 g6 4. Bg2 Bg7 5. e4 e5 6. Nge2 Nge7 7. O-O O-O 8. d3
d6 9. a3 a6 10. Rb1 Rb8 11. b4 cxb4 12. axb4 b5 13. cxb5 axb5 14. Be3 1/2-1/2